Record Goalscorers - Ghana - Statistics

General Stats
  • This quiz has been taken 52 times
    18 since last reset
  • The average score is 3 of 10
Answer Stats
Goals Games played Answer % Correct
50 108 Asamoah Gyan
88%
33 118 Jordan Ayew
69%
24 113 Andre Ayew
63%
13 46 Mohammed Kudus
31%
20 75 Sulley Muntari
31%
15 56 Thomas Partey
25%
10 63 Christian Atsu
6%
10 24 Junior Agogo
6%
13 39 Matthew Amoah
6%
12 69 Mubarak Wakaso
6%
No matching quizzes found
Score Distribution
Percent of People with Each Score
Percentile by Number Answered
Your Score History
You have not taken this quiz since the last reset